Welcome to WEB OPAC of MRSPTU Central Library

Microprocessor/Hardware: Interfacing and ApplicationsĀ  (Record no. 506)

MARC details
000 -LEADER
fixed length control field 00395nam a2200145Ia 4500
008 - FIXED-LENGTH DATA ELEMENTS--GENERAL INFORMATION
fixed length control field 230711s9999||||xx |||||||||||||| ||und||
041 ## - LANGUAGE CODE
Language code of text/sound track or separate title ENG
082 ## - DEWEY DECIMAL CLASSIFICATION NUMBER
Classification number 4
Item number BE-M
100 ## - MAIN ENTRY--PERSONAL NAME
Personal name Brey,BB
245 #0 - TITLE STATEMENT
Title Microprocessor/Hardware: Interfacing and ApplicationsĀ 
250 ## - EDITION STATEMENT
Edition statement 1st Ed.
260 ## - PUBLICATION, DISTRIBUTION, ETC.
Date of publication, distribution, etc. 1989
Place of publication, distribution, etc. New Delhi
Name of publisher, distributor, etc. CBS Publishers & Distributors Pvt.Ltd
650 ## - SUBJECT ADDED ENTRY--TOPICAL TERM
Topical term or geographic name entry element Computer Engineering
942 ## - ADDED ENTRY ELEMENTS (KOHA)
Koha item type Book
Holdings
Withdrawn status Lost status Damaged status Not for loan Collection Home library Current library Date acquired Total checkouts Full call number Barcode Date last seen Price effective from Koha item type
          MRSPTU Central Library MRSPTU Central Library     4 BE-M 2405 08/17/2023 08/17/2023 Book
          MRSPTU Central Library MRSPTU Central Library     4 BE-M 2406 08/17/2023 08/17/2023 Book
          MRSPTU Central Library MRSPTU Central Library     4 BE-M 2407 08/17/2023 08/17/2023 Book
          MRSPTU Central Library MRSPTU Central Library     4 BE-M 2408 08/17/2023 08/17/2023 Book
          MRSPTU Central Library MRSPTU Central Library     4 BE-M 2409 08/17/2023 08/17/2023 Book
          MRSPTU Central Library MRSPTU Central Library     4 BE-M PBB2405 08/17/2023 08/17/2023 Book
          MRSPTU Central Library MRSPTU Central Library     4 BE-M PBB2406 08/17/2023 08/17/2023 Book
          MRSPTU Central Library MRSPTU Central Library     4 BE-M PBB2407 08/17/2023 08/17/2023 Book
          MRSPTU Central Library MRSPTU Central Library     4 BE-M PBB2408 08/17/2023 08/17/2023 Book
          MRSPTU Central Library MRSPTU Central Library     4 BE-M PBB2409 08/17/2023 08/17/2023 Book

Website Designed and Developed by MRSPTU Central Library Team

E-mail Id: librarian@mrsptu.ac.in